000 00453nam a2200145Ia 4500
008 100204s9999 xx 000 0 und d
082 _b14552
100 _aसप्रे मधुवंती
245 _aद्र्रौपदी
260 _b"शब्दरत्न प्रकाशन , मुंबई"
_c1991
300 _a118
630 _aद्र्रौपदी
730 _aद्र्रौपदी
942 _cBOOK
999 _c458983
_d458980